| 000 | 00459nam a2200145 a 4500 | ||
|---|---|---|---|
| 001 | 000028006 | ||
| 005 | 20200930031255.0 | ||
| 008 | 110406s19uu dr 000 0 spa d | ||
| 040 |
_aDO-SdBNP _bspa _cBNPHU |
||
| 110 | 2 |
_aSecretaría de Estado de Deporte Educación Física y Recreación _955051 |
|
| 245 | 1 | 0 | _amanual acerca de la espalda. |
| 260 |
_aSanto Domingo : _bCentro de Documentación, _c[19--?]. |
||
| 300 |
_a15 p. : _bil. ; _c21 cm. |
||
| 049 | _aBNPD | ||
| 999 |
_c27498 _d27498 |
||